Normal view
MARC view
Entry Corporate Name
001 - CONTROL NUMBER
- control field: 853
003 - CONTROL NUMBER IDENTIFIER
- control field: ARRUPE
005 - DATE AND TIME OF LATEST TRANSACTION
- control field: 20130920130631.0
008 - FIXED-LENGTH DATA ELEMENTS
- fixed length control field: 130920|| aca||aabn | a|a d
040 ## - CATALOGING SOURCE
- Original cataloging agency: ARRUPE
- Transcribing agency: ARRUPE
110 ## - HEADING--CORPORATE NAME
- Corporate name or jurisdiction name as entry element: Jesuits
- Geographic subdivision: China
- Form subdivision: Biography.
670 ## - SOURCE DATA FOUND
- Source citation: Work cat.: (ARRUPE)0: Hsia, R. Po-chia, 1953- 851, A Jesuit in the Forbidden City :, 2010.